书目信息 |
| 题名: |
周鸿祎自述
|
|
| 作者: | 周鸿祎 著 | |
| 分册: | ||
| 出版信息: | 北京 中信出版社 2014 |
|
| 页数: | x, 263页 | |
| 开本: | 23cm | |
| 丛书名: | ||
| 单 册: | ||
| 中图分类: | F279.244.4 | |
| 科图分类: | ||
| 主题词: | 网络公司--wang lao gong si--企业管理--经验--中国 | |
| 电子资源: | ||
| ISBN: | 978-7-5086-4662-6 | |
| 000 | 00960nam0 22002411 450 | |
| 001 | 0122100828 | |
| 005 | 20170322100828.0 | |
| 010 | @a978-7-5086-4662-6@dCNY45.00 | |
| 100 | @a20140808d2014 em y0chiy50 ea | |
| 101 | 0 | @achi |
| 102 | @aCN@b110000 | |
| 105 | @ay z 000yy | |
| 106 | @ar | |
| 200 | 1 | @a周鸿祎自述@9zhou hong yi zi shu@e我的互联网方法论@f周鸿祎著 |
| 210 | @a北京@c中信出版社@d2014 | |
| 215 | @ax, 263页@d23cm | |
| 330 | @a本书作者首次讲述了自己的互联网观、产品观和管理思想,厘清了互联网产品的本质特征和互联网时代的新趋势,列举了颠覆式创新在现实中的实践和应用。书中首次解密360的产品秘籍和盈利模式,同时,针对目前传统企业的互联网转型焦虑,也提出了一套系统解决方案。 | |
| 517 | 1 | @a我的互联网方法论@9wo de hu lian wang fang fa lun |
| 606 | 0 | @a网络公司@9wang lao gong si@x企业管理@x经验@y中国 |
| 690 | @aF279.244.4@v5 | |
| 701 | 0 | @a周鸿祎@9zhou hong yi@4著 |
| 801 | 0 | @aCN@bTANGWEI@c20170308 |
| 905 | @b0960030-3@dF279.244.4@e1358@f4 | |
| 周鸿祎自述:我的互联网方法论/周鸿祎著.-北京:中信出版社,2014 |
| x, 263页;23cm |
| ISBN 978-7-5086-4662-6:CNY45.00 |
| 本书作者首次讲述了自己的互联网观、产品观和管理思想,厘清了互联网产品的本质特征和互联网时代的新趋势,列举了颠覆式创新在现实中的实践和应用。书中首次解密360的产品秘籍和盈利模式,同时,针对目前传统企业的互联网转型焦虑,也提出了一套系统解决方案。 |
| ● |
| 相关链接 |
|
|
|
|
正题名:周鸿祎自述
索取号:F279.244.4/1358
 
预约/预借
| 序号 | 登录号 | 条形码 | 馆藏地/架位号 | 状态 | 备注 |
| 1 | 0960030 | 209600305 | 第一样本阅览室/ [索取号:F279.244.4/1358] | 在馆 | |
| 2 | 0960031 | 209600314 | 第一借阅区/ [索取号:F279.244.4/1358] | 在馆 | |
| 3 | 0960032 | 209600323 | 第一借阅区/ [索取号:F279.244.4/1358] | 在馆 | |
| 4 | 0960033 | 209600332 | 第一借阅区/ [索取号:F279.244.4/1358] | 在馆 |